| 000 -LEADER |
| fixed length control field |
01682 a2200253 4500 |
| 003 - CONTROL NUMBER IDENTIFIER |
| control field |
Nust |
| 005 - DATE AND TIME OF LATEST TRANSACTION |
| control field |
20220815103654.0 |
| 010 ## - LIBRARY OF CONGRESS CONTROL NUMBER |
| LC control number |
98046066 |
| 020 ## - INTERNATIONAL STANDARD BOOK NUMBER |
| International Standard Book Number |
0306457539 |
| 035 ## - SYSTEM CONTROL NUMBER |
| System control number |
(DLC) 98046066 |
| 040 ## - CATALOGING SOURCE |
| Transcribing agency |
Nust |
| 082 00 - DEWEY DECIMAL CLASSIFICATION NUMBER |
| Classification number |
621.382,BEN |
| 100 1# - MAIN ENTRY--PERSONAL NAME |
| Personal name |
Benedetto, Sergio. |
| 9 (RLIN) |
97122 |
| 245 10 - TITLE STATEMENT |
| Title |
Principles of digital transmission : |
| Remainder of title |
with wireless applications / |
| Statement of responsibility, etc. |
Sergio Benedetto and Ezio Biglieri. |
| 260 ## - PUBLICATION, DISTRIBUTION, ETC. |
| Place of publication, distribution, etc. |
New York : |
| Name of publisher, distributor, etc. |
Kluwer Academic/Plenum Press, |
| Date of publication, distribution, etc. |
c1999. |
| 300 ## - PHYSICAL DESCRIPTION |
| Extent |
xvii, 855 p. : |
| Other physical details |
ill. ; |
| Dimensions |
24 cm. |
| 440 #0 - SERIES STATEMENT/ADDED ENTRY--TITLE |
| Title |
Information technology--transmission, processing, and storage |
| 9 (RLIN) |
95628 |
| 505 ## - FORMATTED CONTENTS NOTE |
| Formatted contents note |
Introduction and Motivaation (Page-1), A Mathematical Introduction (Page-9), Basic Results from Information Theory (Page-103), Waveform Transmission over the Gaussian Channel (Page-159), Digital Modulations Schemes (Page-215), Modulation for the Wireless Channel (Page-272), Interspersion Interference Channels (Page-312), Adaptive Receivers and Channel Equalization (Page-380), Carrier Clock Synchronization (Page-429), Improving the Transmission reliability Block Cods (Page-452), Convolution and Concatenated Codes (Page-532), Coded Modulation (Page-628), Digital Transmission over Fading Channels (Page-686), Digital Transmission over Nonlinear Channels (Page-725), Useful Formulas and Approximation (Page-773), Some Facts From Matrix (Page-788). |
| 650 #0 - SUBJECT ADDED ENTRY--TOPICAL TERM |
| Topical term or geographic name entry element |
Telecommunication Engineering. |
| 700 1# - ADDED ENTRY--PERSONAL NAME |
| Personal name |
Biglieri, Ezio. |
| 9 (RLIN) |
97123 |
| 856 42 - ELECTRONIC LOCATION AND ACCESS |
| Materials specified |
Publisher description |
| Uniform Resource Identifier |
<a href="http://www.loc.gov/catdir/enhancements/fy0902/98046066-d.html">http://www.loc.gov/catdir/enhancements/fy0902/98046066-d.html</a> |
| 856 42 - ELECTRONIC LOCATION AND ACCESS |
| Materials specified |
Table of contents only |
| Uniform Resource Identifier |
<a href="http://www.loc.gov/catdir/enhancements/fy0902/98046066-t.html">http://www.loc.gov/catdir/enhancements/fy0902/98046066-t.html</a> |
| 942 ## - ADDED ENTRY ELEMENTS (KOHA) |
| Koha item type |
Reference |
| Source of classification or shelving scheme |
|